El caso Ortega y Gasset
Salvato in:
| Autore principale: | |
|---|---|
| Natura: | Libro |
| Lingua: | spagnolo |
| Pubblicazione: |
Buenos Aires
Leviatán
1958
|
| Soggetti: | |
| Tags: |
Aggiungi Tag
Nessun Tag, puoi essere il primo ad aggiungerne!!
|
MARC
| LEADER | 00000nam a2200000 a 4500 | ||
|---|---|---|---|
| 001 | UCU4911 | ||
| 003 | CL-VaPUC | ||
| 005 | 20221118181554.0 | ||
| 008 | 960531e19580000AG |||||||||||||||||spa|d | ||
| 999 | |c 248439 |d 248437 | ||
| 040 | |c Pontificia Universidad Católica de Valparaíso | ||
| 082 | 0 | 4 | |a 196.1 |b CAN |2 21 |
| 100 | 0 | |a Canto, Patricio |e author |9 362640 | |
| 245 | 1 | 3 | |a El caso Ortega y Gasset |
| 260 | |a Buenos Aires |b Leviatán |c 1958 | ||
| 300 | |a 169 p | ||
| 583 | |a last modification |c 19960531 00:00:00 |k Rodrigo Vera | ||
| 600 | 0 | |a Ortega y Gasset, José, |d 1883-1955 |x Crítica e interpretación |9 878506 | |
| 650 | 0 | |a Filosofía española |9 254895 | |
| 942 | |c BK |2 ddc | ||
| 945 | |d 19960531 00:00:00 |a rbrito | ||
| 952 | |0 0 |1 0 |4 0 |6 196_100000000000000_CAN_1958 |7 0 |8 A |9 265057 |a BIBEDU |b BIBEDU |d 2019-11-19 |i 3115585 |o 196.1 CAN 1958 |p 3115585 |r 2019-11-19 |w 2019-11-19 |y BK |k LIT | ||